000 00340nam a22001457a 4500
008 210322b ||||| |||| 00| 0 eng d
020 _a9780781755467
041 _aeng
080 _a616
082 _a616
100 _a9
101 _aPAT
245 _aGeneral and Oral Pathology for the Dental Hygienist
_cDelong, L
942 _2udc
_cBK
999 _c56675
_d56675